[Event "ROM-chT"]
[Site "Timisu de Sus"]
[Date "1998.??.??"]
[Round "3"]
[White "Grunberg, Mihai Lucian"]
[Black "Popescu, Cristian"]
[Result "1-0"]
[WhiteElo "2360"]
[BlackElo "2300"]
[PlyCount "35"]
[EventDate "1998.11.??"]
[EventType "team-tourn"]
[EventRounds "5"]
[EventCountry "ROU"]
[SourceTitle "EXT 2000"]
[Source "ChessBase"]
[SourceDate "1999.11.16"]
[SourceVersion "1"]
[SourceVersionDate "1999.11.16"]
[SourceQuality "1"]

1. Nf3 d5 2. c4 d4 3. c5 Nc6 4. Qa4 Qd5 5. b4 e5 6. e3 Bd7 7. b5 Qxc5 8. Na3 Nb4 9. Bb2 dxe3 10. fxe3 Bd6 11. d4 Qd5 12. Bc4 Qe4 13. 0-0-0 Nh6 14. Rhe1 0-0 15. Qb3 exd4 16. Rxd4 Qe7 17. Qc3 Nf5 18. Rg4 1-0

[Event "ROM-chT"]
[Site "Sovata"]
[Date "1998.??.??"]
[Round "1"]
[White "Istrate, Bogdan"]
[Black "Popescu, Cristian"]
[Result "1/2-1/2"]
[WhiteElo "2350"]
[BlackElo "2295"]
[PlyCount "92"]
[EventDate "1998.??.??"]
[EventType "team-tourn"]
[EventRounds "5"]
[EventCountry "ROU"]
[SourceTitle "EXT 1999"]
[Source "ChessBase"]
[SourceDate "1998.11.16"]
[SourceVersion "1"]
[SourceVersionDate "1998.11.16"]
[SourceQuality "1"]

1. Nf3 d5 2. c4 d4 3. b4 c5 4. Bb2 f6 5. e3 e5 6. exd4 cxd4 7. a3 Nh6 8. d3 a5 9. Be2 axb4 10. 0-0 Nc6 11. Qb3 Be7 12. Nbd2 bxa3 13. Bxa3 Rxa3 14. Rxa3 Bxa3 15. Qxa3 Qa5 16. Qb3 0-0 17. Ne4 Nf7 18. c5 Ncd8 19. Nfd2 f5 20. Nc4 Qc7 21. Ned6 Qxc5 22. Nxc8 Qxc8 23. Bf3 Kh8 24. Qb5 Qc7 25. Rb1 Qe7 26. Bxb7 Nd6 27. Nxd6 Qxd6 28. Bd5 Ne6 29. Bxe6 Qxe6 30. Qc5 Rc8 31. Qa7 Qb3 32. Ra1 Qxd3 33. h3 Qc3 34. Rb1 d3 35. Qd7 Qc2 36. Kh2 Rg8 37. Rb5 Qc4 38. Rd5 Qf4+ 39. Kg1 e4 40. Rxf5 Qb8 41. Rd5 Rc8 42. Qd6 Qb1+ 43. Kh2 Qb7 44. Rd4 Re8 45. Qd5 Qb8+ 46. Qd6 Qb5 1/2-1/2

[Event "ROM-chT"]
[Site "Timisu de Sus"]
[Date "1998.??.??"]
[Round "2"]
[White "Popescu, Cristian"]
[Black "Dumitrache, Dragos Nicolae"]
[Result "1/2-1/2"]
[WhiteElo "2300"]
[BlackElo "2420"]
[PlyCount "27"]
[EventDate "1998.11.??"]
[EventType "team-tourn"]
[EventRounds "5"]
[EventCountry "ROU"]
[SourceTitle "EXT 2000"]
[Source "ChessBase"]
[SourceDate "1999.11.16"]
[SourceVersion "1"]
[SourceVersionDate "1999.11.16"]
[SourceQuality "1"]

1. e4 g6 2. d4 Bg7 3. c3 d6 4. Bg5 Nf6 5. Nd2 0-0 6. Ngf3 Nc6 7. Bb5 Bd7 8. 0-0 h6 9. Bh4 Qe8 10. Bc4 e5 11. Re1 Nh5 12. dxe5 Nxe5 13. Nxe5 dxe5 14. Nf1 1/2-1/2

[Event "Bucharest Candidatilor"]
[Site "Bucharest"]
[Date "1996.??.??"]
[Round "13"]
[White "Musat, Adrian"]
[Black "Popescu, Cristian"]
[Result "1/2-1/2"]
[WhiteElo "2345"]
[BlackElo "2290"]
[PlyCount "22"]
[EventDate "1996.??.??"]
[EventType "tourn"]
[EventRounds "13"]
[EventCountry "ROU"]
[EventCategory "3"]
[SourceTitle "EXT 2004"]
[Source "ChessBase"]
[SourceDate "2003.11.25"]
[SourceVersion "1"]
[SourceVersionDate "2003.11.25"]
[SourceQuality "1"]

1. d4 Nf6 2. c4 e6 3. Nf3 b6 4. Nc3 Bb7 5. g3 Bb4 6. Bd2 0-0 7. Bg2 Re8 8. 0-0 Bxc3 9. Bxc3 Be4 10. Nd2 Bxg2 11. Kxg2 d5 1/2-1/2

[Event "Bucharest Candidatilor"]
[Site "Bucharest"]
[Date "1996.??.??"]
[Round "4"]
[White "Pessi, Emil George"]
[Black "Popescu, Cristian"]
[Result "1/2-1/2"]
[WhiteElo "2355"]
[BlackElo "2290"]
[PlyCount "107"]
[EventDate "1996.??.??"]
[EventType "tourn"]
[EventRounds "13"]
[EventCountry "ROU"]
[EventCategory "3"]
[SourceTitle "EXT 2004"]
[Source "ChessBase"]
[SourceDate "2003.11.25"]
[SourceVersion "1"]
[SourceVersionDate "2003.11.25"]
[SourceQuality "1"]

1. e4 e6 2. d4 d5 3. Bd3 dxe4 4. Bxe4 Nf6 5. Bf3 c5 6. Ne2 Nc6 7. 0-0 cxd4 8. Bf4 Bc5 9. Nd2 Bd6 10. Bg5 e5 11. Nc4 Be6 12. Qd3 Bc7 13. Ng3 h6 14. Bd2 Nd5 15. Nh5 Kf8 16. Rae1 g6 17. Ng3 Kg7 18. Bxd5 Qxd5 19. Na3 f5 20. f3 Ba5 21. Bxa5 Qxa5 22. h4 h5 23. Nh1 Qd5 24. c4 dxc3 25. Qxc3 Rhe8 26. Rd1 Nd4 27. Qe3 f4 28. Qe1 Bf5 29. Nf2 Qxa2 30. Ne4 Qd5 31. Ng5 Rac8 32. Kh2 Rc6 33. Rf2 Rec8 34. Rfd2 R6c7 35. Re2 Re8 36. Red2 Rce7 37. Rf2 b5 38. Qc3 Rc8 39. Qb4 Qc5 40. Qd2 b4 41. Nb1 a5 42. Qe1 Nc2 43. Qg1 Ne3 44. Re1 Rd7 45. Nd2 Qb6 46. Nf1 Bd3 47. Rd2 Nxf1+ 48. Qxf1 Bxf1 49. Rxd7+ Kg8 50. Rxf1 Rc7 51. Rd5 Re7 52. Ne4 a4 53. Rd6 Qb5 54. Rc1 1/2-1/2

[Event "Bucharest PBP"]
[Site "Bucharest"]
[Date "1995.??.??"]
[Round "6"]
[White "Klinova, Masha"]
[Black "Popescu, Cristian"]
[Result "1/2-1/2"]
[WhiteElo "2205"]
[BlackElo "2285"]
[PlyCount "80"]
[EventDate "1995.??.??"]
[EventType "tourn"]
[EventRounds "14"]
[EventCountry "ROU"]
[SourceTitle "EXT 2002"]
[Source "ChessBase"]
[SourceDate "2001.11.25"]
[SourceVersion "1"]
[SourceVersionDate "2001.11.25"]
[SourceQuality "1"]

1. e4 e6 2. d3 d5 3. Nd2 Nf6 4. Ngf3 dxe4 5. dxe4 Nc6 6. c3 e5 7. Bb5 Bd6 8. 0-0 0-0 9. Re1 Ne7 10. Nf1 h6 11. h3 Be6 12. Ng3 c6 13. Ba4 Qc7 14. Nh4 g5 15. Nhf5 Bxf5 16. exf5 Ned5 17. Bb3 Nf4 18. Ne4 Nxe4 19. Rxe4 Be7 20. Bxf4 gxf4 21. Qh5 Kg7 22. g3 Bf6 23. gxf4 exf4 24. Kh1 Rh8 25. Rg1+ Kf8 26. Qf3 Re8 27. Rxe8+ Kxe8 28. Re1+ Kd8 29. Qh5 Rh7 30. Qd1+ Qd7 31. Qg4 Rg7 32. Qxf4 Kc8 33. Qe4 Rg8 34. Qe3 Kb8 35. a4 Bd8 36. f6 Bc7 37. f4 Qf5 38. Bxf7 Rf8 39. Be8 Qxf6 40. Bxc6 Qxf4 1/2-1/2

[Event "Bucharest op"]
[Site "Bucharest"]
[Date "1995.??.??"]
[Round "?"]
[White "Popescu, Cristian"]
[Black "Bach, Gino"]
[Result "1-0"]
[WhiteElo "2285"]
[BlackElo "2105"]
[PlyCount "108"]
[EventDate "1995.??.??"]
[EventType "swiss"]
[EventRounds "9"]
[EventCountry "ROU"]
[SourceTitle "EXT 2002"]
[Source "ChessBase"]
[SourceDate "2001.11.25"]
[SourceVersion "1"]
[SourceVersionDate "2001.11.25"]
[SourceQuality "1"]

1. e4 e5 2. Nf3 Nf6 3. Nxe5 d6 4. Nxf7 Kxf7 5. d4 Bg4 6. f3 Bh5 7. Nc3 c6 8. g4 Bg6 9. g5 Nfd7 10. f4 Kg8 11. f5 Bf7 12. Qg4 Qe8 13. Be2 c5 14. Nb5 Na6 15. c3 cxd4 16. cxd4 h5 17. Qf3 Nb6 18. Bf4 Nc4 19. g6 Qxb5 20. gxf7+ Kxf7 21. 0-0 Qb4 22. a3 Nd2 23. Qd3 Qa4 24. Bxd2 Be7 25. Bd1 Qd7 26. Bb3+ Kf8 27. Be6 Qd8 28. Bc3 h4 29. Qf3 h3 30. e5 dxe5 31. dxe5 Bc5+ 32. Kh1 Qc7 33. Rad1 Nb8 34. f6 g5 35. Qd5 Na6 36. b4 Bb6 37. a4 Rd8 38. Qxd8+ Qxd8 39. Rxd8+ Bxd8 40. b5 Nc5 41. Bb4 b6 42. Rd1 Ke8 43. Bf5 Rh6 44. a5 Bc7 45. Bxc5 bxc5 46. b6 axb6 47. a6 Bb8 48. f7+ Kxf7 49. Rd7+ Ke8 50. Rb7 b5 51. Rxb8+ Ke7 52. Rb7+ Kd8 53. e6 Rh4 54. e7+ Ke8 1-0

[Event "Bucharest Dreptatea"]
[Site "Bucharest"]
[Date "1995.??.??"]
[Round "2"]
[White "Popescu, Cristian"]
[Black "Iankowski, Roman"]
[Result "0-1"]
[WhiteElo "2285"]
[BlackElo "2230"]
[PlyCount "79"]
[EventDate "1995.??.??"]
[EventType "tourn"]
[EventRounds "13"]
[EventCountry "ROU"]
[EventCategory "5"]
[SourceTitle "EXT 2002"]
[Source "ChessBase"]
[SourceDate "2001.11.25"]
[SourceVersion "1"]
[SourceVersionDate "2001.11.25"]
[SourceQuality "1"]

1. e4 c5 2. Nf3 Nc6 3. d4 cxd4 4. Nxd4 Nf6 5. Nc3 e5 6. Ndb5 d6 7. Bg5 a6 8. Na3 b5 9. Nd5 Be7 10. Bxf6 Bxf6 11. c3 0-0 12. Nc2 Rb8 13. h4 Ne7 14. Nxf6+ gxf6 15. Ne3 f5 16. exf5 Nxf5 17. Nd5 e4 18. Qd2 Bb7 19. 0-0-0 Re8 20. Qg5+ Qxg5+ 21. hxg5 Bxd5 22. Rxd5 Re5 23. Rxe5 dxe5 24. g4 Ng7 25. Bg2 Ne6 26. Bxe4 Nxg5 27. Bf5 Rb6 28. Re1 e4 29. Rd1 Rf6 30. Rd8+ Kg7 31. Kd2 h5 32. Ke3 h4 33. Rd1 h3 34. Kf4 Kh6 35. Kg3 b4 36. cxb4 Rc6 37. Rd2 Rc1 38. Rd8 Kg7 39. Kh2 Rf1 40. Bxe4 0-1

[Event "Bucharest Dreptatea"]
[Site "Bucharest"]
[Date "1995.??.??"]
[Round "6"]
[White "Popescu, Cristian"]
[Black "Milu, Romeo Sorin"]
[Result "1/2-1/2"]
[WhiteElo "2285"]
[BlackElo "2415"]
[PlyCount "39"]
[EventDate "1995.??.??"]
[EventType "tourn"]
[EventRounds "13"]
[EventCountry "ROU"]
[EventCategory "5"]
[SourceTitle "EXT 2002"]
[Source "ChessBase"]
[SourceDate "2001.11.25"]
[SourceVersion "1"]
[SourceVersionDate "2001.11.25"]
[SourceQuality "1"]

1. e4 c5 2. Nf3 d6 3. d4 cxd4 4. Nxd4 Nf6 5. Nc3 Nc6 6. Be2 g6 7. h4 Bg7 8. Be3 h5 9. Qd2 Ng4 10. Bxg4 Bxg4 11. f3 Bd7 12. Nd5 Ne5 13. b3 e6 14. Nf4 Rc8 15. c4 Bf6 16. Bf2 a6 17. Rd1 b5 18. cxb5 axb5 19. Qb4 0-0 20. 0-0 1/2-1/2

[Event "Bucharest PBP"]
[Site "Bucharest"]
[Date "1995.??.??"]
[Round "7"]
[White "Popescu, Cristian"]
[Black "Pessi, Emil George"]
[Result "1-0"]
[WhiteElo "2285"]
[BlackElo "2250"]
[PlyCount "81"]
[EventDate "1995.??.??"]
[EventType "tourn"]
[EventRounds "14"]
[EventCountry "ROU"]
[SourceTitle "EXT 2002"]
[Source "ChessBase"]
[SourceDate "2001.11.25"]
[SourceVersion "1"]
[SourceVersionDate "2001.11.25"]
[SourceQuality "1"]

1. d4 b5 2. e4 Bb7 3. Bd3 Nf6 4. Qe2 e6 5. Nf3 a6 6. 0-0 c5 7. c3 Qc7 8. Nbd2 cxd4 9. cxd4 Nc6 10. a3 Ng4 11. Nb3 Be7 12. Bd2 Rc8 13. Rac1 Qb8 14. h3 h5 15. Rxc6 dxc6 16. hxg4 c5 17. Na5 hxg4 18. Ne5 cxd4 19. Bxb5+ axb5 20. Qxb5+ Bc6 21. Qxb8 Rxb8 22. Naxc6 Rxb2 23. Bb4 Bxb4 24. Nxb4 0-0 25. Nxg4 Ra8 26. Rd1 Rxa3 27. Rxd4 Ra4 28. Rd8+ Kh7 29. Nd3 Rb1+ 30. Kh2 Rxe4 31. f3 Ra4 32. Nde5 f6 33. Nd7 Kg6 34. Nc5 Rc4 35. Nxe6 Kf7 36. Ne3 Rc3 37. Nd5 Rc2 38. Nef4 Rb7 39. Ne3 Ra2 40. Nfd5 Rd2 41. Nc4 1-0

[Event "ROM-chT"]
[Site "Calarasi"]
[Date "1995.??.??"]
[Round "?"]
[White "Popescu, Cristian"]
[Black "Tuta, Octavian"]
[Result "1-0"]
[WhiteElo "2285"]
[BlackElo "2135"]
[PlyCount "48"]
[EventDate "1995.??.??"]
[EventType "team-tourn"]
[EventRounds "9"]
[EventCountry "ROU"]
[SourceTitle "EXT 1999"]
[Source "ChessBase"]
[SourceDate "1998.11.16"]
[SourceVersion "1"]
[SourceVersionDate "1998.11.16"]
[SourceQuality "1"]

1. e4 c5 2. Nf3 d6 3. d4 cxd4 4. Nxd4 Nf6 5. Nc3 a6 6. Bg5 e6 7. f4 Qc7 8. Qf3 Nc6 9. 0-0-0 Bd7 10. Bxf6 gxf6 11. f5 Ne5 12. Qh5 Qa5 13. Kb1 0-0-0 14. g3 Kb8 15. Bh3 Nc4 16. Rd3 Qb4 17. Nb3 Rc8 18. Qxf7 Ne5 19. Qxf6 Nxd3 20. Qxh8 Nf2 21. fxe6 Be7 22. Qxh7 Rxc3 23. bxc3 Qxc3 24. Qxe7 a5 1-0

[Event "EU-Cup 10th Group7"]
[Site "Baile Herculane"]
[Date "1994.??.??"]
[Round "1"]
[White "Erneste, Inguna"]
[Black "Popescu, Cristian"]
[Result "1/2-1/2"]
[WhiteElo "2300"]
[BlackElo "2285"]
[PlyCount "101"]
[EventDate "1994.??.??"]
[EventType "team-k.o."]
[EventRounds "3"]
[EventCountry "ROU"]
[SourceTitle "EXT 2020"]
[Source "ChessBase"]
[SourceDate "2019.10.17"]
[SourceVersion "1"]
[SourceVersionDate "2019.10.17"]
[SourceQuality "1"]
[WhiteTeam "Daugavpils LB"]
[BlackTeam "Calarasi Olimpia"]
[WhiteTeamCountry "LAT"]
[BlackTeamCountry "ROU"]

1. e4 e6 2. d4 d5 3. Nc3 Bb4 4. e5 c5 5. a3 Bxc3+ 6. bxc3 Ne7 7. Qg4 Kf8 8. Nf3 Qa5 9. Bd2 Qa4 10. Ra2 h6 11. h4 b6 12. Qf4 Ba6 13. dxc5 Qxf4 14. Bxf4 Bxf1 15. Rxf1 bxc5 16. Rb2 Na6 17. Ke2 g6 18. Rb5 Rc8 19. Ra5 Rc6 20. Rb1 Kg7 21. Rb7 Nc8 22. Be3 Re8 23. Rbb5 Re7 24. Bxc5 Nxc5 25. Rxc5 Rxc5 26. Rxc5 Nb6 27. Nd2 Rb7 28. Rb5 Rc7 29. Kd3 Nd7 30. Kd4 f6 31. f4 Nb6 32. Rc5 Rb7 33. Rc6 Kf7 34. Nb3 Nc4 35. Nc5 Re7 36. a4 g5 37. hxg5 hxg5 38. g3 gxf4 39. gxf4 fxe5+ 40. fxe5 Nd2 41. Ke3 Nc4+ 42. Kf4 Na3 43. a5 Nxc2 44. a6 Na3 45. Nb7 Rd7 46. Nd6+ Ke7 47. Ke3 Rd8 48. Rc7+ Rd7 49. Rc6 Rd8 50. Rc7+ Rd7 51. Rc6 1/2-1/2

[Event "ROM-chT"]
[Site "Romania"]
[Date "1994.??.??"]
[Round "?"]
[White "Milu, Romeo Sorin"]
[Black "Popescu, Cristian"]
[Result "1-0"]
[WhiteElo "2430"]
[BlackElo "2285"]
[PlyCount "65"]
[EventDate "1994.??.??"]
[EventType "team-tourn"]
[EventRounds "10"]
[EventCountry "ROU"]
[SourceTitle "EXT 1997"]
[Source "ChessBase"]
[SourceDate "1996.11.15"]
[SourceVersion "1"]
[SourceVersionDate "1996.11.15"]
[SourceQuality "1"]

1. e4 e6 2. d4 d5 3. Nc3 Bb4 4. e5 c5 5. a3 Bxc3+ 6. bxc3 Ne7 7. Qg4 0-0 8. Bd3 Nbc6 9. Qh5 Ng6 10. Nf3 Qc7 11. Be3 c4 12. Bxg6 fxg6 13. Qg4 Qf7 14. Ng5 Qe8 15. h4 h6 16. Nh3 Qf7 17. Nf4 Ne7 18. Rb1 b6 19. Rh3 Bd7 20. Qe2 Kh7 21. g4 Qe8 22. h5 g5 23. Ng2 Rf7 24. f4 gxf4 25. Nxf4 Qf8 26. Qh2 Ng8 27. Ra1 Ne7 28. Kd2 b5 29. Rg1 a5 30. g5 hxg5 31. Ng6 Qe8 32. Bxg5 Nf5 33. h6 1-0

[Event "ROM-chT"]
[Site "Romania"]
[Date "1994.??.??"]
[Round "?"]
[White "Serdean, Pavel Dorin"]
[Black "Popescu, Cristian"]
[Result "1/2-1/2"]
[WhiteElo "2240"]
[BlackElo "2285"]
[PlyCount "46"]
[EventDate "1994.??.??"]
[EventType "team-tourn"]
[EventRounds "10"]
[EventCountry "ROU"]
[SourceTitle "EXT 1997"]
[Source "ChessBase"]
[SourceDate "1996.11.15"]
[SourceVersion "1"]
[SourceVersionDate "1996.11.15"]
[SourceQuality "1"]

1. d4 Nf6 2. c4 e6 3. Nc3 Bb4 4. f3 d5 5. a3 Bxc3+ 6. bxc3 c5 7. cxd5 Nxd5 8. Qd3 b6 9. dxc5 bxc5 10. e4 Ba6 11. Qd2 Bxf1 12. exd5 Bc4 13. dxe6 Qxd2+ 14. Bxd2 Bxe6 15. Be3 Nd7 16. Ne2 Rb8 17. 0-0 Bb3 18. Ng3 0-0 19. Ne4 Rfc8 20. Rf2 Bd5 21. Rd2 Nb6 22. Bf4 Ra8 23. Nd6 Rf8 1/2-1/2

[Event "ROM-chT"]
[Site "Romania"]
[Date "1994.??.??"]
[Round "?"]
[White "Zetocha, Claudiu Andrei"]
[Black "Popescu, Cristian"]
[Result "0-1"]
[WhiteElo "2320"]
[BlackElo "2285"]
[PlyCount "78"]
[EventDate "1994.??.??"]
[EventType "team-tourn"]
[EventRounds "10"]
[EventCountry "ROU"]
[SourceTitle "EXT 1997"]
[Source "ChessBase"]
[SourceDate "1996.11.15"]
[SourceVersion "1"]
[SourceVersionDate "1996.11.15"]
[SourceQuality "1"]

1. e4 e6 2. d4 d5 3. Nc3 Bb4 4. e5 c5 5. a3 Bxc3+ 6. bxc3 Ne7 7. a4 Nbc6 8. Nf3 Qa5 9. Qd2 Bd7 10. Bd3 f6 11. 0-0 fxe5 12. dxe5 0-0 13. Re1 h6 14. Nh4 Qc7 15. Qe3 c4 16. Bf1 Nf5 17. Nxf5 Rxf5 18. f4 Rf7 19. Ba3 Ne7 20. g4 g6 21. Bg2 Bc6 22. Bd6 Qd7 23. a5 a6 24. Rad1 Re8 25. Rd4 Nc8 26. Bb4 Qd8 27. Qg3 Kh7 28. Re3 b6 29. axb6 Qxb6 30. Qf2 a5 31. Ba3 Na7 32. Bc1 Nb5 33. Rh3 Nxd4 34. cxd4 Qb1 35. Qd2 Rc8 36. f5 g5 37. fxe6 Re7 38. Bf1 Rxe6 39. Qf2 Rg6 0-1